000 00346nam a2200145 i 4500
001 bg
100 1 _aZANGWILL, Willard J.
245 0 _aProgramowanie nieliniowe /
_cWillard J. Zangwill.
260 _aWarszawa :
_bWNT,
_c1974.
040 _cBPK
041 _apol
080 _a519.8
942 _cKS
008 s pl f |000 0 pol
999 _c16736
_d16736
856 _uhttp://koha.tu.koszalin.pl/cgi-bin/koha/opac-detail.pl?biblionumber=16736
_yKatalog online BPK